| 000 | 00375pab a2200145 454500 | ||
|---|---|---|---|
| 008 | 180718b2000 xxu||||| |||| 00| 0 eng d | ||
| 100 | _aSmart, Carol | ||
| 245 | _aReconsidering the recent history of child sexual abuse, 1910-1960 | ||
| 260 | _c2000 | ||
| 300 | _ap.55-71 | ||
| 362 | _aJan | ||
| 650 | _aSexual abuse | ||
| 773 | _aJournal of Social Policy | ||
| 909 | _a45441 | ||
| 999 |
_c45441 _d45441 |
||